000 00512nam a2200145 a 4500
008 120416s1970 ||||||||||||||||| || u
050 _aHA 29 Bog
100 _aBogdanoff, Earl
245 1 0 _aIntroduction to descriptive statistics
246 _aa sequential approach
260 _aBelmont, Calif.
_bDickenson Pub. Co
_c1970
300 _avii, 376p.
350 _a0.00
995 _D0.00
_FCBU-MAIN LIBRARY (Kitwe)
_H1
_I4.50
_UDAMAGED
_ZMain Library Open Access Collection
999 _c47689
_d47689